000 01745nam a2200409 c 4500
001 43955
003 ES-MaCES
005 20210721182341.0
007 cr |||||||||||
008 021114s1999 sp |||||||||||00||0 spa|d
035 _a0008600000087
040 _aES-MaCES
_bspa
_cES-MaCES
245 0 0 _aDictamen 6-1999, sobre el Anteproyecto de Ley de Responsabilidad Civil derivada de actividades con incidencia ambiental
300 _a16 p. (36 Kb.)
593 _cPolíticas Sectoriales y Medio Ambiente
_iD-006-1999
_f19990428
_rOrdinaria
_sPleno extraordinario
_vPresentes 50: 32 sí, 18 no
_y1: Grupo Segundo
650 4 _aderecho medioambiental
_930801
650 4 _adegradación del medio ambiente
_930722
650 4 _aprotección ambiental
_929423
650 4 _aresponsabilidad civil
_929046
653 1 0 _aMedio ambiente
650 4 _930344
_aevaluación del impacto ambiental
650 4 _928715
_amedio ambiente
700 1 _aSuárez García, Roberto
_einterviniente
_924530
700 1 _aCavada Hoyo, José de la
_einterviniente
_99348
700 1 _aGualda Alcalá, Francisco José
_einterviniente
_914180
700 1 _aPastor Rodríguez-Ponga, José Luis
_einterviniente
_920466
700 1 _aJoya Verde, Antonino
_einterviniente
_915560
700 1 _aGarcía Callejo, José María
_einterviniente
_912805
700 1 _aNava Cano, Juan José
_einterviniente
_919502
700 1 _aGarcía Callejo, José María
_eponente
_912805
700 1 _911498
_aEstrada López, Bruno
_einterviniente
710 1 _aEspaña
_bMinisterio de Medio Ambiente
_esolicitante
_93259
856 _uhttp://www.ces.es/documents/DIC/1999/06
_ytexto completo
902 _aDictamen
942 _2CES
_cDI
_h4.2.
999 _c43955
_d43955